| 000 | 00000nam##2200000za#4500 |
| 001 | 9.571418 |
| 003 | CaOODSP |
| 005 | 20240527135426 |
| 007 | cr ||||||||||| |
| 008 | 150406|2002||||xxc|||||o f|0| 0 eng|d |
| 040 | |aCaOODSP|beng |
| 043 | |an-cn--- |
| 086 | 1 |aCW69-11/22-2002E-PDF |
| 110 | 2 |aCanadian Wildlife Service. |
| 245 | 10|aNational recovery plan for the Piping Plover (Charadrius melodus) / |h[electronic resource]|cPrepared by The Prairie and Atlantic Piping Plover Recovery teams. |
| 260 | |bEnvironment Canada. |cMarch 2002. |
| 300 | |a52p.|bmap, references, tables |
| 490 | 1 |aNational recovery plan|vNo. 22 |
| 500 | |aThe catalogue number (CW69-11/22-2002E) and ISBN for the print edition have been incorrectly copied in this electronic publication. |
| 590 | |a12-04-Supp|b2012-02-20 |
| 690 | 07|aEndangered species|2gcpds |
| 690 | 07|aWildlife management|2gcpds |
| 690 | 07|aBirds|2gcpds |
| 690 | 07|aStrategies|2gcpds |
| 775 | 08|tPlan national de rétablissement du Pluvier siffleur (Charadrius melodus) / |w(CaOODSP)9.602028 |
| 776 | 0#|tNational recovery plan for the Piping Plover (Charadrius melodus) |w(CaOODSP)9.615450 |
| 830 | #0|aNational recovery plan ;|vNo. 22|w(CaOODSP)9.504894 |
| 856 | 40|ahttp://publications.gc.ca|qPDF|s516 KB|uhttps://publications.gc.ca/collections/Collection/CW69-11-22-2002E.pdf|yNo. 22 |